000 00423nam a2200193Ia 4500
003 IT-RoPAU
005 20220918175535.0
008 120407s9999 xx 000 0 und d
040 _aIT-RoPAU
040 _cIT-RoPAU
041 _aita
100 _aBice Cipani
_913159
245 _aCento mille mondi!
260 _aTorino
_bFratelli Pozzo
_c1931
300 _c cm
490 _v1
942 _cBK
_2ddc
999 _c17727
_d17727